000 00474nam a2200157 i 4500
001 74907
003 ES-MaACL
005 20230906172301.0
007 t|
008 040921s1905 sp ||||1| spa d
100 1 _aGonzález y Sánchez, Juan.
_959042
245 1 0 _aHistoria de la ciudad de Arjona desde su fundación hasta nuestros días /
_cJuan González y Sánchez.
260 _aMadrid :
_bFortanet,
_c1905.
300 _a238 p. ;
_c26 cm.
852 _aES-MaACL
_jF-4816
999 _c74907
_d74907